<?xml version="1.0" encoding="UTF-8"?>
<marc:record xmlns:marc="http://www.loc.gov/MARC21/slim">
   <marc:leader>00000nam a2200000 a 4500</marc:leader>
   <marc:datafield ind1="1" ind2=" " tag="100">
      <marc:subfield code="a">Freeland, Chrystia</marc:subfield>
      <marc:subfield code="4">aut</marc:subfield>
      <marc:subfield code="e">Verfasser/-in</marc:subfield>
   </marc:datafield>
   <marc:datafield ind1="1" ind2=" " tag="100">
      <marc:subfield code="a">Freeland, Chrystia</marc:subfield>
   </marc:datafield>
   <marc:datafield ind1=" " ind2=" " tag="653">
      <marc:subfield code="a">Kapitalismus</marc:subfield>
   </marc:datafield>
   <marc:datafield ind1=" " ind2=" " tag="653">
      <marc:subfield code="a">Globalisierung</marc:subfield>
   </marc:datafield>
   <marc:datafield ind1=" " ind2=" " tag="653">
      <marc:subfield code="a">Plutokratie</marc:subfield>
   </marc:datafield>
   <marc:datafield ind1=" " ind2=" " tag="653">
      <marc:subfield code="a">Personelle Vermögensverteilung</marc:subfield>
   </marc:datafield>
   <marc:datafield ind1=" " ind2=" " tag="653">
      <marc:subfield code="a">Softcover / Sachbücher/Politik</marc:subfield>
   </marc:datafield>
   <marc:datafield ind1=" " ind2=" " tag="653">
      <marc:subfield code="a">Gesellschaft</marc:subfield>
   </marc:datafield>
   <marc:datafield ind1=" " ind2=" " tag="653">
      <marc:subfield code="a">Wirtschaft</marc:subfield>
   </marc:datafield>
   <marc:datafield ind1=" " ind2=" " tag="653">
      <marc:subfield code="a">Plutocrats; Freeland; Westend Verlag; Superreichen; Miliardäre</marc:subfield>
   </marc:datafield>
   <marc:datafield ind1="0" ind2="0" tag="245">
      <marc:subfield code="a">Die Superreichen</marc:subfield>
   </marc:datafield>
   <marc:datafield ind1="0" ind2="0" tag="245">
      <marc:subfield code="b">Aufstieg und Herrschaft einer neuen globalen Geldelite</marc:subfield>
   </marc:datafield>
   <marc:datafield ind1="0" ind2="0" tag="245">
      <marc:subfield code="c">Chrystia Freeland. Aus dem Engl. von Andreas Simon dos Santos</marc:subfield>
   </marc:datafield>
   <marc:datafield ind1=" " ind2="1" tag="264">
      <marc:subfield code="a">Frankfurt, M.</marc:subfield>
      <marc:subfield code="b">Westend</marc:subfield>
      <marc:subfield code="c">2013</marc:subfield>
   </marc:datafield>
   <marc:datafield ind1="1" ind2=" " tag="520">
      <marc:subfield code="a">Angaben aus der Verlagsmeldung

Die Superreichen : Aufstieg und Herrschaft einer neuen globalen Geldelite The Plutocrats / von Chrystia Freeland

Chrystia Freeland kennt die Welt der Globalmilliardäre: Zwei Jahrzehnte lang hat sie die neuen Supereliten begleitet und erforscht. Dadurch kann sie einzigartige Einblicke in die Welt der Superreichen liefern, die sich ansonsten lieber abschotten und unerkannt bleiben wollen. Vor allem aber macht sie die gesellschaftlichen Konsequenzen dieses Superreichtums deutlich: Banken, die ihre Angebote an den internationalen Milliardären ausrichten und nicht mehr am nationalen „Rest“; Oligarchen, die die Schaltstellen der Macht für den eigenen Profit manipulieren; Banker, die sich ihre Geburtstagsfeiern 2,5 Millionen Euro kosten lassen. Dass sich die Plutokraten aller Kontrolle entziehen, ist zum einen eine folgenschwere Konsequenz des Kapitalismus, zum anderen wird diese Entwicklung die Zukunft prägen. Chrystia Freeland betritt mit ihrem Buch Neuland und zeigt uns die bislang geheime Welt der globalen superreichen Geldelite.
</marc:subfield>
   </marc:datafield>
   <marc:datafield ind1=" " ind2=" " tag="020">
      <marc:subfield code="a">9783864890451</marc:subfield>
      <marc:subfield code="9">9783864890451</marc:subfield>
   </marc:datafield>
   <marc:datafield ind1=" " ind2=" " tag="020">
      <marc:subfield code="a">3864890454</marc:subfield>
      <marc:subfield code="9">3864890454</marc:subfield>
   </marc:datafield>
   <marc:datafield ind1=" " ind2=" " tag="300">
      <marc:subfield code="a">358 S.</marc:subfield>
   </marc:datafield>
</marc:record>
